000 01161nam a2200229Ia 4500
999 _c42140
_d42140
001 8832
003 GE_BSU
005 20241011122026.0
008 181216s1939||||ge |||||||||||||| ||geo||
040 _cGE_BSU
041 _ageo
080 _a821.353.1-31 ხ–73
100 _aხონელი,მოსე
_923388
245 _aამირან-დარეჯანიანი /
_cმოსე ხონელისა; სარგის კაკაბაძის რედაქციით.
264 _aთბილისი :
_bსახელგამი,
_c1939.
300 _a184 გვ.;
_b23 სმ.
500 _a წანართი: კაკაბაძე სარგის - ამირან-დარეჯანიანის შესახებ.
501 _a დანართი: ლექსიკონი (გვ. 181-182). საკუთარ სახელების მაჩვენებელი (გვ. 183-184).
653 _aამირან–დარეჯანიანი
700 _aკაკაბაძე, სარგის
_eრედაქტორი
_923386
942 _cBK
_2udc